Thermodynamics. (Record no. 522689)

MARC details
000 -LEADER
fixed length control field 00480nam a2200193Ia 4500
008 - FIXED-LENGTH DATA ELEMENTS--GENERAL INFORMATION
fixed length control field 240821s9999 xx 000 0 und d
020 ## - INTERNATIONAL STANDARD BOOK NUMBER
ISBN 9789390812776
Paper back/Hardbound hbk
041 ## - LANGUAGE CODE
Language code of text/sound track or separate title eng.
082 ## - DEWEY DECIMAL CLASSIFICATION NUMBER
Classification number 536.7
Item number PAT
100 ## - MAIN ENTRY--AUTHOR NAME
Personal name Patel, Praveen Bhai
245 #0 - TITLE STATEMENT
Title Thermodynamics.
Statement of responsibility, etc Praveen Bhai Patel
250 ## - EDITION STATEMENT
Edition statement 1st edition
260 ## - PUBLICATION, DISTRIBUTION, ETC. (IMPRINT)
Name of publisher Wave Books
Year of publication 2024
Place of publication Delhi
300 ## - PHYSICAL DESCRIPTION
Number of Pages 293p.
650 ## - SUBJECT ADDED ENTRY--TOPICAL TERM
Topical Term Physics
Topical Term Thermodynamics
700 ## - ADDED ENTRY--PERSONAL NAME
Personal name Rourke, Colin
942 ## - ADDED ENTRY ELEMENTS (KOHA)
Koha item type English Books
Holdings
Withdrawn status Lost status Damaged status Not for loan Home library Current library Shelving location Date acquired Cost, normal purchase price Full call number Accession Number Price effective from Koha item type
        Anna Centenary Library Anna Centenary Library 5TH FLOOR, A WING 01.04.2024 1795.00 536.7 PAT 671853 21.08.2024 Reference
        Anna Centenary Library Anna Centenary Library 5TH FLOOR, A WING 21.08.2024 1795.00 536.7 PAT 671854 21.08.2024 Reference

Find us on the map